Score 0/20 Timer 03:00
2 Plays Today
Clue Answer % Correct
Brand of jeansLEVI'S
93.4%
Create a novelWRITE
87.6%
Disney and Whitman, e.g.WALTS
84.9%
Stands in lineWAITS
83.6%
Co-leader of a famous 1804 expeditionLEWIS
79.4%
Co-leader of a famous 1804 expeditionCLARK
76.7%
Formal ordersWRITS
75.8%
Sound of metal hitting metalCLANK
75.2%
Adds flavor to, like a steakSALTS
74.3%
Slang for prisonCLINK
70.4%
Clue Answer % Correct
Partner of St. KittsNEVIS
68.3%
Mouse actionCLICK
61.4%
Dwight Schrute's division?SALES
61.4%
'Scream' actress Campbell and othersNEVES
60.4%
Clich├ędTRITE
56.4%
DupeTRICK
56.2%
Watson's necky partner?CRICK
56%
Places for pews in a churchNAVES
49.9%
Pitching statSAVES
48.7%
An instantTRICE
47.3%

Today's Daily Dose

Remove Ads.
Support Sporcle.
Get the best of Sporcle when you Go Orange. This ad-free experience offers more features, more stats, and more fun while also helping to support Sporcle. Thank you for becoming a member.

You're not logged in!

Compare scores with friends on all Sporcle quizzes.
OR
Log In

Show Comments

Extras

Top Quizzes Today


Score Distribution

Your Account Isn't Verified!

In order to create a playlist on Sporcle, you need to verify the email address you used during registration. Go to your Sporcle Settings to finish the process.

Report this User

Report this user for behavior that violates our Community Guidelines.

Details: